Home survey standard (Record no. 121160)
[ view plain ]
| 000 -LEADER | |
|---|---|
| fixed length control field | 02051nam a22002777a 4500 |
| 001 - CONTROL NUMBER | |
| control field | K121160 |
| 008 - FIXED-LENGTH DATA ELEMENTS--GENERAL INFORMATION | |
| fixed length control field | 160218b2019 xxu||||| |||| 00| 0 eng d |
| 020 ## - INTERNATIONAL STANDARD BOOK NUMBER | |
| ISBN | 9781783213801 |
| 041 ## - LANGUAGE CODE | |
| Language code of text/sound track or separate title | eng |
| 100 ## - MAIN ENTRY--PERSONAL NAME | |
| Personal author | Parnham, Phil |
| 245 ## - TITLE STATEMENT | |
| Title | Home survey standard |
| Medium | [electronic resource] |
| 250 ## - EDITION | |
| Edition statement | 1st |
| 260 ## - PUBLICATION INFORMATION | |
| Place of publication | London, |
| Publisher | Royal Institution of Chartered Surveyors, |
| Date | 2019 |
| 300 ## - PHYSICAL DESCRIPTION | |
| Physical description | 32p |
| 520 ## - ABSTRACT | |
| Abstract | Sets out mandatory requirements to which all condition-based residential survey services must confirm to and best practice outlining how the mandatory requirements should be met. Originally planned to be in force from 1 June 2020 but was put back due to the pandemic to a transition period of 1 March 2021 to 31 August 2021. Notes that some elements of the professional statement do not apply to the Home Report in Scotland but will apply to all other condition-based residential services offered by RICS professionals and regulated firms in Scotland. |
| 520 ## - ABSTRACT | |
| Abstract | Replaces a number of standards including: <br/><br/>RICS HomeBuyer Report (Survey & Valuation), 5th edition, 2016 professional statement ISBN 9781783211524; <br/><br/>RICS HomeBuyer Report (Survey), 1st edition, 2016 professional standard ISBN 9781783211517; <br/><br/>RICS Building Survey Practice note, 1st edition, 2012 ISBN 9781842198391; <br/><br/>There was a transition period for the new RICS home survey reports which ran from 1 March until 31 August 2021. Between these dates, both the old and new formats of the reports were acceptable. However, from 1 September 2021 the new home survey reports had to be used. |
| 650 ## - KEYWORDS | |
| Keywords | Surveys of residential property 3 ed |
| 650 ## - KEYWORDS | |
| Keywords | RICS Condition Report 1st ed |
| 650 ## - KEYWORDS | |
| Keywords | RICS Homebuyer Report Survey 1st ed |
| 650 ## - KEYWORDS | |
| Keywords | RICS Homebuyer Report Survey& Valuation 5th ed |
| 650 ## - KEYWORDS | |
| Keywords | RICS Building Survey 1st ed |
| 651 ## - SUBJECT ADDED ENTRY--GEOGRAPHIC NAME | |
| Geographic name | United Kingdom |
| 690 ## - BROAD SUBJECT | |
| 9 (RLIN) | 6270 |
| Broad subject | Survey reports |
| 856 ## - ONLINE RESOURCE | |
| Uniform Resource Identifier | <a href="https://www.rics.org/content/dam/ricsglobal/documents/standards/home_survey_standard_nov_2020.pdf">https://www.rics.org/content/dam/ricsglobal/documents/standards/home_survey_standard_nov_2020.pdf</a> |
| Public note | Available on RICS.org |
| 942 ## - ADDED ENTRY ELEMENTS (KOHA) | |
| Suppress in OPAC | Do not suppress in OPAC |
| Lost status | Source of classification or shelving scheme | Damaged status | Not for loan | Home library | Current library | Shelving location | Date acquired | Total Checkouts | Date last seen | Price effective from | Koha item type | Full call number |
|---|---|---|---|---|---|---|---|---|---|---|---|---|
| Dewey Decimal Classification | Archives | Archives | Archive copy | 19/11/2019 | 19/11/2019 | 19/11/2019 | Book | 2019/15 RICS | ||||
| Dewey Decimal Classification | London | London | RICS Boxes | 19/11/2019 | 19/11/2019 | 19/11/2019 | Book | 2019/15 RICS | ||||
| Dewey Decimal Classification | Virtual | Virtual | Online | 19/11/2019 | 25/04/2023 | 19/11/2019 | Book |